[Event "25th European Club Cup Women 2021"]
[Site "Struga"]
[Date "2021.09.18"]
[Round "1.9"]
[White "Unuk, Laura"]
[Black "Shuvalova, Polina"]
[Result "0-1"]
[WhiteElo "2389"]
[BlackElo "2510"]
[Annotator "TA"]
[PlyCount "82"]
[EventDate "2021.09.18"]
[EventType "team-tourn"]
[EventCountry "MKD"]
[SourceTitle "playchess.com"]
[Source "ChessBase"]
[SourceQuality "1"]

{[%evp 9,82,0,31,0,0,3,8,-20,-24,-25,-20,-20,-15,-15,-6,-8,-5,-2,0,0,0,-4,-1,
-8,0,0,0,0,14,22,8,18,54,50,40,51,55,44,79,20,30,-21,0,-13,-19,-31,0,-41,-14,
-77,-18,-26,0,-69,-58,-58,-13,-69,-68,-147,-50,-99,-82,-82,-82,-396,-388,-400,
-363,-369,-363,-403,-403,-666,-653]} 1. Nf3 c5 2. b3 d5 3. e3 Nf6 4. Bb2 e6 5.
Bb5+ Bd7 6. Qe2 {A06: Réti Opening: 1 Nf3 d5.} Bxb5 7. Qxb5+ {[%mdl 64] [#]
Double Attack} Qd7 $1 {[%cal Rd7b5] [#]} 8. a4 $146 {The position is equal.} ({
Predecessor:} 8. Qe2 Nc6 9. O-O Be7 10. d4 O-O 11. Nbd2 b6 12. a3 Rac8 13. c4
Ne4 14. dxc5 Nxd2 15. Nxd2 bxc5 {0-1 (53) Neklyudov,V (2432)-Seifert,H (2159)
Chess.com INT 2021}) 8... Nc6 9. Ne5 Nxe5 10. Bxe5 a6 11. Qe2 Be7 12. O-O O-O
13. d3 Qc6 14. Nd2 Nd7 15. Bb2 b5 16. f4 c4 {[#] Strongly threatening ...c3.}
17. dxc4 bxc4 18. bxc4 Rac8 19. cxd5 exd5 20. c4 Bb4 {[%cal Rd5c4]} 21. cxd5
Qxd5 22. Nf3 a5 23. Rad1 Qb7 24. Nd4 (24. Nh4 $16 {Qg4! is the strong threat.}
f6 25. Nf5) 24... Qe4 $1 $11 25. Kh1 (25. Qg4 $142 Nf6 26. Qh3) 25... Rfe8 26.
Qb5 Nc5 27. Ba1 h6 {[%mdl 1024] Black has compensation.} ({Of course not} 27...
Qxe3 $6 28. Nf5 $14) 28. Rf3 Rb8 29. Qc6 (29. Qc4 $11) 29... Rbd8 (29... Qxc6
$17 30. Nxc6 Rbc8) 30. Qb5 Rb8 31. Qc6 Qxc6 32. Nxc6 Rb6 $40 {[%mdl 128] Black
attacks.} (32... Rbc8 $5 {[%cal Rc8c6]} 33. Na7 Ra8 $15) 33. Ne5 (33. Nxb4 $11
Rxb4 34. Rg3) 33... Nxa4 $15 34. e4 (34. Bd4 $15 Rd6 35. Rf2) 34... Rbe6 (34...
Nc5 $17 35. Nc4 Rbb8) 35. h3 f6 36. Nd7 Rxe4 {Threatens to win with ...Re1+.}
37. Kh2 $2 {[%mdl 8192] Now White is beyond hope.} (37. Bxf6 $17 Re1+ 38. Rf1)
37... Re1 $19 38. Rfd3 {and the idea Bxf6! leaves White hopeful.} Rxd1 39. Rxd1
{Now Bxf6! and White clings on.} Kf7 40. f5 Ke7 41. Rd5 (41. Rd4 $142) 41...
Bd6+ {Weighted Error Value: White=0.43/Black=0.13} 0-1

[Event "25th European Club Cup Women 2021"]
[Site "Struga"]
[Date "2021.09.18"]
[Round "1.10"]
[White "Atalik, Ekaterina"]
[Black "Cvitan, Ena"]
[Result "1/2-1/2"]
[WhiteElo "2429"]
[BlackElo "2284"]
[Annotator "TA"]
[PlyCount "105"]
[EventDate "2021.09.18"]
[EventType "team-tourn"]
[EventCountry "MKD"]
[SourceTitle "playchess.com"]
[Source "ChessBase"]
[SourceQuality "1"]

{[%evp 21,105,28,45,13,37,33,37,27,34,37,34,22,41,44,31,30,49,28,36,25,41,31,
33,20,34,0,0,-2,0,0,-2,-37,-29,-66,-70,-96,-72,-93,-108,-134,-152,-171,-48,-42,
9,0,37,16,34,0,103,44,139,139,123,113,110,0,0,-8,0,0,0,0,0,0,0,0,0,0,0,0,0,0,0,
0,0,-8,-8,-8,-8,-8,-8,-8,-8,-8]} 1. c4 e6 2. Nf3 d5 3. e3 Nf6 4. Nc3 c5 5. d4
cxd4 6. exd4 Bb4 7. cxd5 exd5 8. Bd3 O-O 9. O-O Nc6 10. Bg5 Be7 {10...Be6 is
vanishing.} 11. h3 Be6 12. Rc1 {[#] C01: French: Exchange Variation.} Nh5 $146
({Predecessor:} 12... h6 13. Bh4 Nb4 14. Bb1 Ne4 15. Bxe7 Qxe7 16. Ne5 Rfd8 17.
a3 Nxc3 18. bxc3 Nc6 19. Qd3 Qf6 {1-0 (42) Batakovs,O (2034)-Raikin,L (2180)
Marianske Lazne 2016}) 13. Bd2 g6 14. Bh6 {White is slightly better.} Re8 15.
Re1 a6 16. Na4 Bf6 17. Be3 Ng7 18. Nc5 Qb6 19. Qd2 ({Much weaker is} 19. Nxe6
Nxe6 20. Re2 Nexd4 $17) 19... Bf5 20. Bf1 h5 21. Rc3 Ne6 22. Rb3 Qa5 23. Qxa5
Nxa5 24. Ra3 Nxc5 25. Rxa5 Ne6 26. Rd1 Red8 27. Ne5 Rac8 28. g4 hxg4 29. hxg4
Bc2 30. Rc1 Bxe5 31. dxe5 d4 (31... Be4 $19 32. Re1 d4) 32. Bd2 $15 d3 ({
Black should try} 32... Be4 $15 33. Bc4 Bf3) 33. Bg2 $11 Nd4 {And now ...Ne2+
would win.} 34. Re1 ({Wrong is} 34. Bxb7 $2 Rb8 $19) 34... Rc7 35. Kf1 Rc4 (
35... Bb3 $11 {keeps the balance.} 36. axb3 Nxb3) 36. b3 (36. Bxb7 $16 {
Black must now prevent b3.} Rd7 37. Bg2 (37. Bxa6 $2 Nf3 $19 {[%mdl 64] Double
Attack, Discovered Attack})) 36... Bxb3 (36... Rc7 $14) 37. axb3 $16 Nxb3 {[#]}
38. Ra2 Rc2 {[#]} 39. Rxc2 (39. Bg5 $1 $16 {Rxc2 is the strong threat.} Rd7 40.
Ra4) 39... dxc2 $11 {The position is equal.} 40. Be3 Rd1 41. Bxb7 a5 {aiming
for ...a4.} 42. Be4 c1=Q 43. Bxc1 Rxc1 44. Rxc1 Nxc1 {[%mdl 4096] Endgame KB-KN
} 45. Ke1 Nb3 46. e6 fxe6 47. Bxg6 e5 48. Bb1 Kg7 49. g5 Nd4 50. Kd2 Nf3+ 51.
Ke3 Nxg5 52. f4 exf4+ 53. Kxf4 {Weighted Error Value: White=0.15/Black=0.21}
1/2-1/2

[Event "25th European Club Cup Women 2021"]
[Site "Struga"]
[Date "2021.09.18"]
[Round "1.11"]
[White "Urh, Zala"]
[Black "Bulmaga, Irina"]
[Result "1-0"]
[WhiteElo "2234"]
[BlackElo "2407"]
[Annotator "TA"]
[PlyCount "107"]
[EventDate "2021.09.18"]
[EventType "team-tourn"]
[EventCountry "MKD"]
[SourceTitle "playchess.com"]
[Source "ChessBase"]
[SourceQuality "1"]

{[%evp 14,107,33,31,33,41,40,4,40,29,40,27,45,57,56,46,74,76,70,66,72,53,89,93,
106,97,103,88,152,158,155,152,150,154,176,154,150,143,149,126,127,129,145,145,
156,164,215,185,193,191,194,190,190,182,191,175,147,144,377,358,372,376,369,
354,352,332,327,277,278,302,302,275,257,271,434,441,420,400,408,410,464,464,
743,724,810,829,776,769,1053,1029,1143,1060,1910,1724,1630,473]} 1. d4 Nf6 2.
c4 e6 3. Nf3 Bb4+ 4. Nbd2 b6 5. a3 Bxd2+ 6. Qxd2 Bb7 7. e3 O-O 8. Be2 d5 {
E14: Queen's Indian: Classical Variation (4 e3).} 9. cxd5 Qxd5 10. b4 {[#]}
Nbd7 $146 {The position is equal.} ({Predecessor:} 10... Rd8 11. Bb2 Qf5 12.
Bd3 Qd5 13. Rc1 Rc8 14. h3 Nbd7 15. Bc4 Qh5 16. Be2 Qg6 {0-1 (26) Dominguez
Laguna,E (1938)-Torcal Miguel,O (2117) Salobrena 2020}) 11. O-O Rfd8 12. Bb2
Rac8 13. Rfd1 h6 14. Rac1 Nf8 {[%cal Bd7f8,Bf8g6,Bg6h4][%mdl 32]} 15. Bf1 Ng6
16. Qc2 Qh5 17. Ne1 Nh4 18. f3 Qg5 {[#] Hoping for ...Bxf3.} 19. Qf2 Nf5 20.
Nc2 h5 (20... Nh5 $142) 21. e4 $16 Ne7 22. h4 Qh6 23. Ne1 Nd7 24. Qg3 c6 25.
Rc2 Qg6 26. Qxg6 Nxg6 27. g3 Kf8 28. Kf2 Ke7 29. a4 e5 (29... Nf6 {might work
better.} 30. Rdc1 Kf8) 30. Bh3 Rb8 31. b5 c5 32. dxc5 Nxc5 33. Rxd8 Kxd8 34.
Ba3 Bc8 35. Bf5 Nxa4 {[#] This costs Black the game.} (35... Bxf5 $16 36. exf5
Ne7) 36. Bd6 $18 Ra8 37. Rc7 Bxf5 38. exf5 Nh8 {If only Black now had time for
...Nc5....} 39. Nd3 ({Weaker is} 39. Bxe5 Nc5 $18) 39... Rc8 40. Rxa7 Nc3 41.
Bxe5 ({But not} 41. Nxe5 $6 Nxb5 42. Rd7+ Ke8 $16) 41... Nxb5 42. Rb7 f6 43.
Rxb6 Nc7 $2 (43... Rc2+ {was called for.} 44. Kf1 Na7) 44. Bxc7+ Kxc7 {[%mdl
4096] Endgame KRN-KRN} 45. Re6 Kd7 46. Nf4 Nf7 47. Nxh5 {White is clearly
winning.} Ne5 (47... Nd6 $142 48. g4 Ne8) 48. Nxg7 Rc2+ 49. Ke3 Rc3+ 50. Ke4
Nxf3 51. Nh5 Nd2+ 52. Kf4 Nf1 53. Nxf6+ Kd8 54. Re8+ {Weighted Error Value:
White=0.05/Black=0.30} (54. h5 $142) 1-0

[Event "25th European Club Cup Women 2021"]
[Site "Struga"]
[Date "2021.09.18"]
[Round "1.12"]
[White "Stojkovska, Monika"]
[Black "Vidic, Teja"]
[Result "0-1"]
[WhiteElo "2081"]
[BlackElo "2172"]
[Annotator "NA"]
[PlyCount "64"]
[EventDate "2021.09.18"]
[EventType "team-tourn"]
[EventCountry "MKD"]
[SourceTitle "playchess.com"]
[Source "ChessBase"]
[SourceQuality "1"]
[TimeControl "40/5400+30:1800+30"]

1. e4 {[%emt 0:00:03]} e5 {[%emt 0:00:11]} 2. Nf3 {[%emt 0:00:11]} Nc6 {
[%emt 0:00:07]} 3. Bc4 {[%emt 0:00:14]} Bc5 {[%emt 0:00:08]} 4. O-O {[%emt 0:
00:11]} Nf6 {[%emt 0:00:06]} 5. d3 {[%emt 0:00:14]} d6 {[%emt 0:00:22]} 6. c3 {
[%emt 0:00:16]} a6 {[%emt 0:00:21]} 7. a4 {[%emt 0:00:26]} Ba7 {[%emt 0:00:42]}
8. Re1 {[%emt 0:00:43]} h6 {[%emt 0:01:28]} 9. Nbd2 {[%emt 0:01:11]} O-O {
[%emt 0:00:09]} 10. h3 {[%emt 0:00:12]} Re8 {[%emt 0:00:11]} 11. b4 {[%emt 0:
01:19]} Be6 {[%emt 0:00:48]} 12. Bxe6 {[%emt 0:01:36]} Rxe6 {[%emt 0:02:59]}
13. Qc2 {[%emt 0:00:49]} Qd7 {[%emt 0:00:47]} 14. Nb3 {[%emt 0:01:00]} Ne7 {
[%emt 0:05:28]} 15. c4 {[%emt 0:15:16]} Ng6 {[%emt 0:02:47]} 16. Bb2 {[%emt 0:
14:53]} Nf4 {[%emt 0:04:24]} 17. d4 {[%emt 0:03:20]} N6h5 {[%emt 0:01:18]} 18.
Nh4 {[%emt 0:17:04]} Qd8 {[%emt 0:06:58]} 19. g3 {[%emt 0:11:49]} Nxh3+ {
[%emt 0:03:22]} 20. Kh2 {[%emt 0:00:16]} N3f4 {[%emt 0:01:50]} 21. c5 {[%emt 0:
05:00]} Qg5 {[%emt 0:05:37]} 22. Qd1 {[%emt 0:03:54]} Nf6 {[%emt 0:04:29]} 23.
Rh1 {[%emt 0:10:21]} Nxe4 {[%emt 0:06:10]} 24. Qf3 {[%emt 0:01:47]} f5 {
[%emt 0:11:25]} 25. dxe5 {[%emt 0:05:33]} dxe5 {[%emt 0:06:04]} 26. Bxe5 {
[%emt 0:00:25]} Nd5 {[%emt 0:04:35]} 27. Bb2 {[%emt 0:02:56]} f4 {[%emt 0:01:
32]} 28. Rae1 {[%emt 0:02:31]} fxg3+ {[%emt 0:06:32]} 29. fxg3 {[%emt 0:00:21]}
Rf8 {[%emt 0:00:23]} 30. Qg2 {[%emt 0:01:05]} Ne3 {[%emt 0:05:11]} 31. Qh3 {
[%emt 0:00:14]} Ng4+ {[%emt 0:02:22]} 32. Kg1 {[%emt 0:00:09]} Nxc5 {[%emt 0:
01:13]} 0-1

[Event "25th European Club Cup Women 2021"]
[Site "Struga"]
[Date "2021.09.18"]
[Round "1.13"]
[White "Salimova, Nurgyul"]
[Black "Peycheva, Gergana"]
[Result "1/2-1/2"]
[WhiteElo "2362"]
[BlackElo "2331"]
[Annotator "NA"]
[PlyCount "61"]
[EventDate "2021.09.18"]
[EventType "team-tourn"]
[EventCountry "MKD"]
[SourceTitle "playchess.com"]
[Source "ChessBase"]
[SourceQuality "1"]
[TimeControl "40/5400+30:1800+30"]

1. d4 {[%emt 0:00:04]} d5 {[%emt 0:00:14]} 2. Nf3 {[%emt 0:00:09]} Nf6 {
[%emt 0:00:48]} 3. c4 {[%emt 0:00:16]} e6 {[%emt 0:00:50]} 4. g3 {[%emt 0:00:
15]} dxc4 {[%emt 0:01:10]} 5. Bg2 {[%emt 0:00:19]} c5 {[%emt 0:01:04]} 6. O-O {
[%emt 1:32:27]} Nc6 {[%emt 0:00:23]} 7. dxc5 {[%emt 0:00:30]} Qxd1 {[%emt 1:29:
31]} 8. Rxd1 {[%emt 0:00:00]} Bxc5 9. Nbd2 {[%emt 0:01:00]} c3 {[%emt 0:01:00]}
10. bxc3 {[%emt 0:00:30]} O-O {[%emt 0:00:30]} 11. Nb3 {[%emt 0:00:00]} Be7 12.
Nfd4 {[%emt 0:01:00]} Nxd4 {[%emt 0:01:00]} 13. cxd4 {[%emt 0:00:30]} Nd5 {
[%emt 0:00:30]} 14. Bf4 {[%emt 0:00:00]} Bd7 15. Nc5 {[%emt 0:01:00]} Bc6 {
[%emt 0:01:00]} 16. Rac1 {[%emt 0:00:30]} Nxf4 {[%emt 0:00:30]} 17. gxf4 {
[%emt 0:00:30]} Bxg2 {[%emt 0:00:30]} 18. Kxg2 {[%emt 0:00:30]} b6 {[%emt 0:00:
30]} 19. Nd7 {[%emt 0:00:30]} Rfc8 {[%emt 0:00:30]} 20. Ne5 {[%emt 0:00:30]}
Ba3 {[%emt 0:00:30]} 21. Rxc8+ {[%emt 0:00:30]} Rxc8 {[%emt 0:00:30]} 22. Rd3 {
[%emt 0:00:30]} Bd6 {[%emt 0:00:30]} 23. d5 {[%emt 0:00:30]} Bxe5 {[%emt 0:00:
30]} 24. fxe5 {[%emt 0:00:30]} exd5 {[%emt 0:00:30]} 25. Rxd5 {[%emt 0:00:30]}
Kf8 {[%emt 0:00:30]} 26. Rd7 {[%emt 0:00:30]} Rc2 {[%emt 0:00:30]} 27. Rxa7 {
[%emt 0:00:30]} Rxe2 {[%emt 0:00:30]} 28. Rb7 {[%emt 0:00:30]} Rxa2 {[%emt 0:
00:30]} 29. Rxb6 {[%emt 0:00:00]} Re2 {[%emt 0:00:00]} 30. Rb5 Ke7 {[%emt 0:01:
00]} 31. Kf3 {[%emt 0:00:00]} 1/2-1/2

[Event "25th European Club Cup Women 2021"]
[Site "Struga"]
[Date "2021.09.18"]
[Round "1.14"]
[White "Toncheva, Nadya"]
[Black "Mehmed, Elif"]
[Result "1-0"]
[WhiteElo "2178"]
[BlackElo "2260"]
[Annotator "TA"]
[PlyCount "123"]
[EventDate "2021.09.18"]
[EventType "team-tourn"]
[EventCountry "MKD"]
[SourceTitle "playchess.com"]
[Source "ChessBase"]
[SourceQuality "1"]

{[%evp 9,123,27,25,22,35,32,35,35,52,2,2,2,2,11,7,4,34,25,48,18,42,64,50,61,42,
16,18,17,34,35,63,6,0,14,0,0,0,-97,-88,-93,-98,-116,12,6,6,6,6,8,8,21,21,21,21,
19,17,23,15,19,12,12,15,9,14,0,22,0,22,22,27,24,28,28,129,120,114,135,133,123,
118,126,113,119,211,211,211,197,196,196,159,186,173,176,173,165,152,156,144,
154,342,328,712,712,712,712,712,643,712,712,709,699,680,658,643,625,571,469]} 
1. e4 c5 2. c3 b6 3. d4 Bb7 4. Bd3 Nf6 5. f3 e6 6. Ne2 {B22: Sicilian: 2 c3.}
d5 {[%cal Rd5e4]} 7. e5 Nfd7 8. O-O {White is slightly better.} Ba6 9. Bc2 Nc6
10. Be3 {[#]} Rc8 $146 ({Predecessor:} 10... g6 11. a3 Bg7 12. Re1 O-O 13. f4
Rc8 14. Nd2 Qc7 15. Rc1 Na5 16. b3 Qd8 {0-1 (56) Makogonova,N (2068)
-Fatalibekova,E (2302) Tula 2004}) 11. f4 g6 12. Rf2 h5 13. Nd2 Bh6 14. Nf1 Na5
15. f5 gxf5 16. Bxh6 Rxh6 17. Nf4 Bxf1 18. Qxf1 cxd4 19. cxd4 Rc4 20. Qd3 ({
Better is} 20. Qd1 $14) 20... Nc6 $11 21. Qe3 Rxd4 22. Ne2 f4 23. Rxf4 (23. Qc1
$1 $11 Rc4 24. b3) 23... Rxf4 $17 24. Qxf4 Rh8 25. Rf1 {[%csl Gf1][%cal Rf4f7]}
Qe7 ({Much weaker is} 25... Ndxe5 $6 26. Nd4 $11) (25... Rf8 $17 26. Nd4 (26.
Ba4 b5 $17) 26... Nxd4 27. Qxd4 Qb8) 26. Ba4 b5 $1 {[%cal Rb5a4] [#]} 27. Rc1
$1 bxa4 28. Rxc6 Nb6 29. Qc1 {Hoping for Rc7.} Rg8 {Threatens to win with ...
Qg5.} 30. Rc7 Qg5 {[%csl Gg8][%cal Rg5g2]} 31. Qc6+ Kf8 $1 {[%csl Gg8][%cal
Rg5g2]} 32. Qd6+ Kg7 {...Kh6 is the strong threat.} 33. Qxe6 $40 {[%mdl 128]
White attacks.} Qxg2+ 34. Kxg2 Kh8+ $1 35. Kf2 {[%cal Re6h6]} fxe6 $11 {
[%mdl 4096] Endgame KRN-KRN} 36. b3 Rg5 37. Nf4 Kg8 38. Rxa7 {And now Rb7
would win.} axb3 39. axb3 {Strongly threatening Rb7.} Rxe5 40. Rb7 Re4 41. Nd3
Rd4 42. Ke3 Re4+ 43. Kd2 Nc4+ 44. bxc4 Rxc4 $16 {KRN-KR} 45. Nf2 Ra4 (45... Rh4
$16) 46. Re7 $18 Ra2+ 47. Ke1 $1 Ra1+ {[#]} 48. Ke2 $1 Ra2+ 49. Kf1 Ra1+ 50.
Kg2 Re1 51. Nd3 Re2+ 52. Kg1 {aiming for Nf4.} Kf8 53. Rh7 Rd2 $2 {A mistake
that costs the game.} (53... Kg8 $16 {was called for.} 54. Rxh5 Kf7) 54. Nf4 e5
$2 (54... Rd1+ 55. Kg2 Re1 56. Nxh5 (56. Rxh5 Kf7 $18) 56... Re4) 55. Ng6+ {
[%mdl 64] Double Attack. White is clearly winning.} Kg8 56. Rxh5 d4 57. Rxe5 d3
{If Black can now play ...Rc2 this consolidates a bit.} 58. Nf4 Rd1+ {[#]} 59.
Kg2 $1 d2 {White must now prevent ...Rg1+!} 60. Rd5 Kf7 61. Nh3 Ke6 62. Rd3 {
Weighted Error Value: White=0.08/Black=0.18} 1-0

[Event "25th European Club Cup Women 2021"]
[Site "Struga"]
[Date "2021.09.18"]
[Round "1.15"]
[White "Krasteva, Beloslava"]
[Black "Djukic, Sandra"]
[Result "1/2-1/2"]
[WhiteElo "2217"]
[BlackElo "2127"]
[Annotator "NA"]
[PlyCount "80"]
[EventDate "2021.09.18"]
[EventType "team-tourn"]
[EventCountry "MKD"]
[SourceTitle "playchess.com"]
[Source "ChessBase"]
[SourceQuality "1"]
[TimeControl "40/5400+30:1800+30"]

1. c4 {[%emt 0:00:07]} e6 {[%emt 0:00:47]} 2. d4 {[%emt 0:00:27]} d5 {[%emt 0:
00:06]} 3. Nc3 {[%emt 0:00:39]} a6 {[%emt 0:00:05]} 4. cxd5 {[%emt 0:00:45]}
exd5 {[%emt 0:00:08]} 5. Nf3 {[%emt 0:00:16]} h6 {[%emt 0:00:14]} 6. Bf4 {
[%emt 0:01:03]} Nf6 {[%emt 0:00:08]} 7. e3 {[%emt 0:00:56]} Bd6 {[%emt 0:00:09]
} 8. Be5 {[%emt 0:00:35]} c6 {[%emt 0:00:42]} 9. Bd3 {[%emt 0:01:45]} Qe7 {
[%emt 0:01:12]} 10. h3 {[%emt 0:07:12]} Nbd7 {[%emt 0:03:05]} 11. Bxd6 {
[%emt 0:00:37]} Qxd6 {[%emt 0:00:06]} 12. O-O {[%emt 0:00:48]} O-O {[%emt 0:02:
31]} 13. Qc2 {[%emt 0:03:21]} Re8 {[%emt 0:05:00]} 14. Rab1 {[%emt 0:03:40]}
Qe7 {[%emt 0:00:48]} 15. b4 {[%emt 0:17:56]} Ne4 {[%emt 0:53:37]} 16. a4 {
[%emt 0:02:35]} Nb6 {[%emt 0:10:45]} 17. Rb3 {[%emt 0:16:18]} Be6 {[%emt 0:04:
28]} 18. b5 {[%emt 0:13:26]} axb5 {[%emt 0:00:22]} 19. axb5 {[%emt 0:00:13]} c5
{[%emt 0:01:26]} 20. dxc5 {[%emt 0:04:45]} Nxc5 {[%emt 0:02:03]} 21. Rbb1 {
[%emt 0:00:39]} Rec8 {[%emt 0:02:05]} 22. Nd1 {[%emt 0:10:57]} Ra3 {[%emt 0:10:
03]} 23. Be2 {[%emt 0:00:57]} Ne4 {[%emt 0:00:18]} 24. Qb2 {[%emt 0:01:12]} Nc4
{[%emt 0:01:30]} 25. Qd4 {[%emt 0:02:59]} Ned6 {[%emt 0:00:38]} 26. Bxc4 {
[%emt 0:03:16]} dxc4 {[%emt 0:00:40]} 27. Nc3 {[%emt 0:01:24]} Nf5 {[%emt 0:00:
18]} 28. Qd2 {[%emt 0:00:28]} Rd8 {[%emt 0:00:17]} 29. Nd4 {[%emt 0:02:01]}
Nxd4 {[%emt 0:00:46]} 30. exd4 {[%emt 0:00:05]} Bf5 {[%emt 0:00:23]} 31. Ra1 {
[%emt 0:01:30]} Rxa1 {[%emt 0:00:45]} 32. Rxa1 {[%emt 0:00:05]} Bd3 {[%emt 0:
00:29]} 33. d5 {[%emt 0:00:50]} Re8 {[%emt 0:00:34]} 34. Rc1 {[%emt 0:00:49]}
Qe5 {[%emt 0:00:17]} 35. f4 {[%emt 0:01:28]} Qd4+ {[%emt 0:00:04]} 36. Qf2 {
[%emt 0:00:13]} Qf6 {[%emt 0:00:22]} 37. Qf3 {[%emt 0:01:36]} Qd4+ {[%emt 0:00:
54]} 38. Qf2 {[%emt 0:00:03]} Qf6 {[%emt 0:00:01]} 39. Qf3 {[%emt 0:00:12]}
Qd4+ {[%emt 0:00:01]} 40. Qf2 {[%emt 0:00:00]} Qf6 {[%emt 0:00:00]} 1/2-1/2

[Event "25th European Club Cup Women 2021"]
[Site "Struga"]
[Date "2021.09.18"]
[Round "1.16"]
[White "Galunova, Tsveta"]
[Black "Manova, Ivana"]
[Result "1/2-1/2"]
[WhiteElo "2190"]
[BlackElo "1779"]
[Annotator "TA"]
[PlyCount "139"]
[EventDate "2021.09.18"]
[EventType "team-tourn"]
[EventCountry "MKD"]
[SourceTitle "playchess.com"]
[Source "ChessBase"]
[SourceQuality "1"]

{[%evp 9,139,11,30,24,28,16,37,20,12,7,4,0,71,47,56,62,46,64,75,67,65,41,76,39,
92,38,97,121,126,21,74,61,29,-95,-107,-104,-24,-345,-343,-338,-333,-327,-331,
-327,-311,-402,199,185,187,81,259,97,247,250,312,0,0,0,0,0,0,0,0,0,0,0,91,91,
91,91,91,91,91,91,91,91,85,76,76,13,39,13,13,13,13,13,13,13,13,13,13,13,19,11,
27,27,54,4,22,0,0,0,0,0,40,0,0,0,0,0,0,0,0,0,0,0,0,0,0,0,0,0,0,0,0,0,0,0,29986,
0,0,0]} 1. d4 Nf6 2. c4 e6 3. Nc3 Bb4 4. Qc2 d6 5. Nf3 Qe7 6. g3 {E32:
Nimzo-Indian: Classical (4 Qc2): 4...0-0.} O-O 7. Bg2 e5 8. dxe5 {White is
slightly better.} dxe5 9. O-O Bxc3 10. Qxc3 {[#]} Nbd7 $146 (10... Nc6 $11) ({
Predecessor:} 10... Nc6 11. h3 h6 12. b3 Bf5 13. Bb2 Rfe8 14. Rad1 Qc5 15. Kh2
a5 16. Nh4 Bh7 {0-1 (39) Belem,H-De Carvalho,F Fortaleza 1951}) 11. b4 a5 12.
bxa5 Ne4 13. Qc2 f5 14. Nd2 Ng5 15. Nb3 f4 16. c5 (16. h4 $5 {[%cal Rh4g5]} Nf7
17. Qc3 $14 (17. gxf4 Qxh4 18. Qe4 Nf6 $11)) 16... Nf6 (16... c6 $14) 17. gxf4
(17. Kh1 $16) 17... Nh3+ (17... exf4 $14 18. c6 (18. Bxf4 Nh3+ 19. Bxh3 Bxh3
$11) 18... bxc6) 18. Kh1 $1 $16 Qf7 19. f5 (19. c6 $16 bxc6 20. Ba3 (20. fxe5
Ng4 $11) (20. Qxc6 Ra6 $16) (20. Bxc6 Rb8 $16) 20... Nxf4 21. Bxf8 (21. Qxc6
Re8 $11) (21. Bxc6 Ra6 $18) 21... Qxf8 22. Bxc6) 19... Qh5 $1 $11 20. Bf3 Qh4
21. Be3 (21. c6 $11 e4 22. Qc4+ Kh8 23. Qb4) 21... e4 $1 $17 {[%cal Re4f3]} 22.
Bg2 {Hoping for c6.} Bxf5 ({Black should try} 22... Ng4 $1 $17 {[%cal Rh3f2]}
23. Bxh3 (23. Qc4+ $2 Kh8 $17) 23... Qxh3 {[%mdl 64] Double Attack}) 23. Nd4 $2
{[%mdl 8192]} (23. Qc4+ $1 $11 {and White stays safe.} Kh8 24. f3) 23... Ng4
$19 {[%cal Rh3f2]} 24. Bxh3 Qxh3 {[%csl Gg4][%cal Rh3h2][%mdl 64] Double Attack
} 25. Qb3+ Kh8 {[%csl Gg4][%cal Rh3h2]} 26. Bf4 e3 $1 {( -> ...Be4+)} 27. f3 {
[#]} Nf6 $4 {[%mdl 8192]} (27... Be6 $1 $19 {[%mdl 512] and life is good for
Black.} 28. Qxe6 {[%mdl 64] Pin} (28. Nxe6 {leads to mate.} Rxf4 29. Rf2 exf2
30. fxg4 f1=Q+ {[%mdl 64] Back Rank} 31. Rxf1 Rxf1#) 28... Rxf4 29. Qxg4 Rxg4
30. fxg4 Qxg4) 28. Nxf5 $18 Qxf5 29. Bxe3 (29. Bxc7 $18 {and White stays
clearly on top.} Qxc5 30. Rfc1 (30. Qxb7 Qe7 $16)) 29... Nd5 $2 (29... Rae8 $16
) 30. Rg1 $2 (30. Bd4 $18 {is more deadly.} Rae8 31. Rg1 (31. Qxb7 $2 Rxe2 32.
Rae1 Rxe1 $19)) 30... Qe5 (30... Nxe3 $16 31. Qxe3 Rfe8) 31. Bd2 Rf5 32. e4 $2
(32. Rae1 $18) 32... Rh5 $11 {[%csl Ge5][%cal Rh5h2]} 33. f4 $1 {[%cal Rf4e5]}
Qxe4+ 34. Rg2 Nxf4 35. Bxf4 Qxf4 36. Qxb7 $40 {[%mdl 128] White attacks.} Rf8
37. Rag1 {Strongly threatening a6.} Rxc5 (37... g6 $11) 38. Rxg7 $16 {Qg2
would kill now.} Rc2 {[%csl Gf4][%cal Rc2h2]} 39. R7g2 Rxg2 40. Qxg2 {[%csl
Gg1][%cal Rg2g7]} Qf3 41. Qxf3 Rxf3 {[%mdl 4096] Endgame [#] KR-KR} 42. Rg3 $1
{[%cal Rg3f3]} Rf6 43. Kg2 Ra6 44. Ra3 ({Better is} 44. Rg5 $16) 44... Kg7 45.
Kf3 Kf6 46. Ke4 Ke6 47. Kd4 Kd6 48. Kc4 {Black must now prevent Kb5.} Kc6 49.
Kb4 {Black should prevent Rh3.} Kb7 $1 50. Rh3 h6 51. Kb5 Rg6 52. Rh5 Rf6 53.
a4 Rg6 54. Rc5 {a6+ is the strong threat.} c6+ 55. Kb4 Rg4+ 56. Rc4 Rg6 57. h4
h5 58. Kc5 Ka6 59. Kb4 Rg4 60. Kc5 Rxc4+ 61. Kxc4 Kxa5 62. Kc5 Kxa4 63. Kxc6
$11 {KP-KP} Kb4 64. Kd5 Kb5 65. Ke5 Kc5 66. Kf5 Kd5 67. Kg5 Ke5 68. Kxh5 {
Intending Kg6 and mate.} Kf5 69. Kh6 Kf6 70. Kh7 {Never resign too early! 
Weighted Error Value: White=0.34/Black=0.26} 1/2-1/2